000
00285 a2200145 4500
001
59379
020
_a
8512008881
040
_c
Anchieta - Pituba
240
1
0
_a
Brasil 500 anos
_l
por
245
1
0
_a
Brasil 500 anos
300
_a
320
362
0
_a
199
650
4
_a
Brasil
942
_c
BK
999
_c
59379
_d
59379